Statistics for Countries With The Lowest GDP Growth

Click here to take the quiz!

General Stats

  • This quiz has been taken 13 times
  • The average score is 12 of 25

Answer Stats

%Country% Correct
- 3.4Russia
92%
- 35.0Ukraine
92%
- 7.6Belarus
83%
- 2.7Yemen
83%
- 0.9South Sudan
75%
- 3.5Sudan
75%
- 1.5Venezuela
75%
- 5.5Afghanistan
58%
- 2.0Haiti
58%
- 0.1Turkey
58%
- 0.2Congo
50%
- 22.0Lebanon
50%
- 3.7Bhutan
42%
- 0.6Brunei
42%
- 17.9Myanmar
42%
- 1.1Chad
25%
- 3.2Suriname
25%
- 3.5Equatorial Guinea
17%
- 3.9Fiji
17%
- 1.5Marshall Islands
17%
- 17.1Palau
17%
- 8.3Samoa
17%
- 0.5Solomon Islands
17%
- 0.7Tonga
17%
- 3.2FS Micronesia
8%

Score Distribution

Percentile by Number Answered

Percent of People with Each Score

Your Score History

You have not taken this quiz